Benim okulum (Record no. 8491)

MARC details
000 -BAŞLIK
Sabit Uzunluktaki Kontrol Alanı 00620nam a22001937a 4500
003 - KONTROL NUMARASI KİMLİĞİ
Kontrol Alanı koha_MIRAKIL
005 - EN SON İŞLEM TARİHİ ve ZAMANI
Kontrol Alanı 20240930130317.0
008 - SABİT UZUNLUKTAKİ VERİ ÖGELERİ - GENEL BİLGİ
Sabit Alan 231213b |||||||| |||| 00| 0 ||| d
020 ## - ISBN - ULUSLARARASI STANDART KİTAP NUMARASI
Isbn 9789752561151
040 ## - KATALOGLAMA KAYNAĞI
Özgün Kataloglama Kurumu TR-IsEVY
Kataloglama Dili tur
Çeviri Kurumu TR-IsEVY
082 ## - DEWEY ONU SINIFLAMA SİSTEMİ
Sınıflama Numarası 372.24 SMI/B
100 ## - KİŞİ ADI
Yazar Adı (Kişi adı) Smith, Penny.
245 #0 - ESER ADI BİLDİRİMİ
Başlık Benim okulum
Alt Eseradı vb. Dünya çocuklarının eğitim ve okul hayatı
Sorumluluk Bildirimi Penny Smith
260 ## - YAYIN, DAĞITIM, VB.
Yayınevi Kaknüs Yayınları,
Yayın Tarihi 2007.
Yayın Yeri İstanbul :
300 ## - FİZİKSEL TANIMLAMA
Sayfa, Cilt vb. 79 s. :
Diğer fiziki detaylar renkli resimli ;
Boyutları 30 cm.
650 ## - KONU BAŞLIĞI EK GİRİŞ - KONU TERİMİ
Konusal terim veya coğrafi ad Eğitim.
Alt başlık biçimi Farklı Kültürler.
-- Dünya Okulları.
650 ## - KONU BAŞLIĞI EK GİRİŞ - KONU TERİMİ
Konusal terim veya coğrafi ad Kim olduğumuz Who we are.
942 ## - EK GİRİŞ ÖGELERİ (KOHA)
Source of classification or shelving scheme Dewey Decimal Classification
Koha item type Kitap
Holdings
Kayıp Durumu Sınıflandırma Kaynağı Hasarlı Durumu Koleksiyon Kodu Kalıcı Konum Mevcut Konum Kayıt Tarih Edinim Kaynağı Toplam Ödünçverme Yer Numarası Demirbaş Numarası Son Görülme Tarihi Son Kontrol Tarihi Fatura Tarihi Materyal Türü
  Dewey Decimal Classification   İlkokul İLKOKUL KÜTÜPHANESİ İLKOKUL KÜTÜPHANESİ 25/11/2014 Satınalma 1 372.24 SMI/B 08691 12/06/2025 27/12/2024 10/12/2018 Kitap
  Dewey Decimal Classification   İlkokul İLKOKUL KÜTÜPHANESİ İLKOKUL KÜTÜPHANESİ 30/09/2024 Satınalma 1 372.24 SMI/B 21494 18/04/2025 13/02/2025 30/09/2024 Kitap